000 00380nam a2200157Ia 4500
005 20251020182609.0
008 200515s9999 xx 000 0 und d
082 _aSC/621.791.1/E24
110 _aCEAC
245 0 _aPracticas de Taller Mecánico 2: Mecanización y Ajuste
260 _aBarcelona
260 _c1972
650 _aMECANICA
650 _aTECNOLOGIA
942 _cLIB
999 _c3291
_d3291